02096nam a2200421 a 4500001001200000003000800012006001900020007001500039008004100054010001700095020003100112020001800143020002700161040002100188035002100209043001200230050002300242082001800265100002600283245011200309260005800421300001100479490003700490504005100527505048100578533015201059600003201211650006001243650006001303650002701363650002901390650002601419655002901445710001701474830003801491856012601529999001901655ebr10483538CaPaEBRm u cr cn|||||||||100203s2011 nyu sb 001 0deng d z 2010003657 z9780838757710 (alk. paper) z9781611480283 z9781611480290 (e-book) aCaPaEBRcCaPaEBR a(OCoLC)747412123 ae-gx---14aPT361b.T83 2011eb04a830.9/1452221 aTucker, Brian,d1976-10aReading riddlesh[electronic resource] :brhetorics of obscurity from Romanticism to Freud /cBrian Tucker. aLewisburg, N.Y. :bBucknell University Press,cc2011. a198 p.1 aNew studies in the age of Goethe aIncludes bibliographical references and index.0 aPt. I -- Riddle and obscurity in early romanticism -- From irritant to ideal: the transvaluation of riddle -- The closed circle of criticism -- Alethic aesthetics: Hegel's riddle of the symbol -- Wordplay and identity in Tieck's early prose -- Pt. II -- Reading the psyche: the human riddle -- The inaugural gesture of psychoanalysis -- The joke and its other: toward a Freudian concept of riddle -- The riddle as Freud's textual model -- Trauma and the other Oedipus complex. aElectronic reproduction.bPalo Alto, Calif. :cebrary,d2013.nAvailable via World Wide Web.nAccess may be limited to ebrary affiliated libraries.10aFreud, Sigmund,d1856-1939. 0aGerman literaturey18th centuryxHistory and criticism. 0aGerman literaturey19th centuryxHistory and criticism. 0aRiddles in literature. 0aSymbolism in literature. 0aRomanticismzGermany. 7aElectronic books.2local2 aebrary, Inc. 0aNew studies in the age of Goethe.40uhttp://site.ebrary.com/lib/rucke/Doc?id=10483538zAn electronic book accessible through the World Wide Web; click to view c122797d122797